000 00271nam a22001217a 4500
082 _a823
_bBLY/F
100 _aBLYTON, ENID
245 _a15 MINUTES LATE
260 _aUNITED KINGDOM
_bDRAGON
_c1973
300 _a125
650 _aENGLISH STORY
_zUNITED KINGDOM
942 _cBK
999 _c7254
_d7254